000 01009cam a22003014a 4500
001 1770
003 BD-RjUL
005 20211208233416.0
008 131109s2002 nyua b 001 0 eng
020 _a0321095855 (alk. paper, hard cover)
020 _a0321097645(alk. paper)
035 _a(BD-RjUL)1797
040 _aDLC
_cDLC
_dDLC
_dBD-RjUL
_beng
041 _aeng
082 0 4 _a320.473
_223
_bGRS 2002
100 1 _aGreenberg, Edward S.,
_d1942-
_95861
245 1 4 _aThe struggle for democracy /
_cEdward S. Greenberg, Benjamin I. Page.
250 _a5th ed.
260 _aNew York :
_bLongman,
_cc2002.
300 _a1 v. (various pagings) :
_bcol. ill.
_c29 cm.
500 _a"student access for Longman Participate.com"
504 _aIncludes bibliographical references (p. C-1) and index.
650 0 _aDemocracy
_zUnited States.
_95862
651 0 _aUnited States
_xPolitics and government
_vTextbooks.
_95863
700 1 _aPage, Benjamin I.
_95864
942 _2ddc
_cBK
999 _c1770
_d1770